Catálogo público

Avena forrajera en Anáhuac, N. L. / (Record no. 163046)

MARC details
000 -CABECERA
campo de control de longitud fija 00743nam a2200241Ia 4500
001 - NÚMERO DE CONTROL
campo de control Z_78
003 - IDENTIFICADOR DEL NÚMERO DE CONTROL
campo de control CHAP
008 - DATOS DE LONGITUD FIJA--INFORMACIÓN GENERAL
campo de control de longitud fija 220113s[198 xx 000 0 und d
010 ## - NÚMERO DE CONTROL DE LA BIBLIOTECA DEL CONGRESO
Número de control de LC 163046
040 ## - FUENTE DE LA CATALOGACIÓN
Centro/agencia transcriptor CHAP
090 ## - LOCALMENTE ASIGNADO TIPO-LC NÚMERO DE CLASIFICACIÓN (OCLC); NÚMERO DE CLASIFICACIÓN LOCAL (RLIN)
Número de clasificación (OCLC) (R) ; Numero de clasificación, CALL (RLIN) (NR) Folleto 104
100 ## - ENTRADA PRINCIPAL--NOMBRE DE PERSONA
Nombre de persona Galván Castillo, Natividad
9 (RLIN) 44509
245 ## - MENCIÓN DE TÍTULO
Título Avena forrajera en Anáhuac, N. L. /
Mención de responsabilidad, etc. por Natividad Galván Castillo
260 ## - PUBLICACIÓN, DISTRIBUCIÓN, ETC.
Lugar de publicación, distribución, etc. Cd. Anáhuac, N. L. :
Nombre del editor, distribuidor, etc. INIA. Campo Agrícola Experimental Anáhuac,
Fecha de publicación, distribución, etc. [198
300 ## - DESCRIPCIÓN FÍSICA
Extensión Hoja desplegable
650 ## - PUNTO DE ACCESO ADICIONAL DE MATERIA--TÉRMINO DE MATERIA
Término de materia o nombre geográfico como elemento de entrada Avena como forraje I. Instituto Nacional de Investigaciones Agrícolas. México. Campo Agrícola Experimental Anáhuac
9 (RLIN) 137270
901 ## - ELEMENTOS DE DATOS A LOCAL LDA (RLIN)
a FOLLETO 104
902 ## - ELEMENTOS DE DATOS B LOCAL, LDB (RLIN)
a M
910 ## - DATOS DE OPCIÓN DEL USUARIO (OCLC)
Datos de opción del usuario [198
942 ## - ELEMENTOS DE PUNTO DE ACCESO ADICIONAL (KOHA)
Tipo de ítem Koha
942 ## - ELEMENTOS DE PUNTO DE ACCESO ADICIONAL (KOHA)
Tipo de ítem Koha
Holdings
Estado de retiro Estado de pérdida Fuente del sistema de clasificación o colocación Estado dañado No para préstamo Código de colección Localización permanente Ubicación/localización actual Ubicación en estantería Fecha de adquisición Total de préstamos Código de barras Fecha visto por última vez Número de copia Precio válido a partir de Tipo de ítem Koha
    Clasificación Universidad Autónoma de Chapingo     Folletos Zootecnia Zootecnia   09/11/2005   z_A0040 18/01/2022 1 18/01/2022 Folleto